000 00646nam a2200241Ia 4500
003 OSt
005 20220918190657.0
006 a|||||r|||| 00| 0
007 ta
008 220917b |||||||| |||| 00| 0 eng d
024 _a58,694
037 _cTextual
040 _aARTS
_cARTS
_beng
041 _2eng
_aeng
082 _aQ1:24:(R), M7
100 _aBhattacharya A N
_973513
245 0 _aOne hundred and twelve upanisads and their philosophy
260 _aDelhi
_bparimal Pub
_c1987
300 _a563p.
_ccm.
650 _aRELIGION
942 _hQ1:24:(R), M7
_cTEXL
_2CC
999 _c186374
_d186374